000 00316nam a22001457a 4500
008 211013b ||||| |||| 00| 0 eng d
020 _a0827313659
041 _aeng
080 _23rd
_a621
082 _a621
100 _a26
101 _aMEK
245 _aElectric Motor Control
_cAlerich,W.N
942 _2udc
_cBK
999 _c58199
_d58199